| 000 | 00709nam a2200193 i 4500 | ||
|---|---|---|---|
| 001 | 92266 | ||
| 003 | ES-MaACL | ||
| 007 | t| | ||
| 008 | 050224s1924 sp ||||1| spa d | ||
| 100 | 1 |
_aLichtwitz, Leopold. _972196 |
|
| 245 | 1 | 0 |
_aTratado práctico de las Enfermedades del riñón / _cTraducido directamente del aleman por el Dr.Antonio Jaumandreu; por el Prof. Dr. L. Lichtwitz. |
| 260 |
_aBarcelona : _bLabor, _c1924. |
||
| 300 |
_aX; 282 p. ; _c24 cm. |
||
| 490 | 1 |
_aLas especialidades en la medicina práctica ; _vIV |
|
| 700 | 1 |
_aJaumandreu, Antonio. _966175 |
|
| 830 | 0 | 4 |
_aLas especialidades en la medicina práctica _vIV _9182799 |
| 852 |
_aES-MaACL _jC-6705 |
||
| 999 |
_c92266 _d92266 |
||